| 000 | 00000nam 2200000zi 4500 |
| 001 | 9.931641 |
| 003 | CaOODSP |
| 005 | 20240130154329 |
| 006 | m o d f |
| 007 | cr cn||||||||| |
| 008 | 231219t20232023onc o f000 0 eng d |
| 020 | |a9780660693767 |
| 040 | |aCaOODSP|beng|erda|cCaOODSP |
| 043 | |an-cn--- |
| 086 | 1 |aIu71-4/107-2024E-PDF |
| 245 | 00|aIP roadmap : |byour path to a review by the Patent Appeal Board. |
| 264 | 1|a[Ottawa] : |bInnovation, Science and Economic Development Canada = Innovation, sciences et développement économique Canada, |c[2023] |
| 264 | 4|c©2023 |
| 300 | |a1 online resource (1 unnumbered page) |
| 336 | |atext|btxt|2rdacontent |
| 337 | |acomputer|bc|2rdamedia |
| 338 | |aonline resource|bcr|2rdacarrier |
| 500 | |aIssued also in French under title: Feuille de route de la PI : la marche à suivre pour une révision par la Commission d'appel des brevets. |
| 650 | 0|aPatents|zCanada. |
| 650 | 0|aIntellectual property|zCanada. |
| 710 | 1 |aCanada. |bInnovation, Science and Economic Development Canada, |eissuing body. |
| 710 | 2 |aCanadian Intellectual Property Office, |eissuing body. |
| 775 | 08|tFeuille de route de la PI : |w(CaOODSP)9.931642 |
| 856 | 40|qPDF|s124 KB|uhttps://publications.gc.ca/collections/collection_2024/opic-cipo/Iu71-4-107-2024-eng.pdf |
| 856 | 4 |qHTML|sN/A|uhttps://ised-isde.canada.ca/site/canadian-intellectual-property-office/en/ip-roadmap-your-path-review-patent-appeal-board |